000 00680nam a2200169 i 4500
001 165418
003 ES-MaACL
005 20250604062548.0
008 931025s1833 sp |||| | spa d
100 1 _aSiñeriz, Juan Francisco.
_9132780
245 1 4 _aEl amante de la nación española en el siglo XIX ó Colección de varias materias y tratados escrito en el sentido correspondiente á la felicidad de España /
_cpor Juan Francisco Siñeriz.
260 _aMadrid :
_b[s.n.],
_c1833 (
_fImp. de Leonardo Núñez)
300 _aXVI, 214 p. ;
_c16 cm.
651 7 _aEspaña-
_xHistoria-
_yS.XIX
_2
_9142005
852 _aES-MaACL
_jD-3352
_z-- Enc. pasta
999 _c165418
_d165418